|
|
|
|
| LEADER |
00000cam a2200000 7i4500 |
| 001 |
0000012290 |
| 005 |
20071212.0 |
| 008 |
071212 |
| 020 |
|
|
|a 9837205253
|
| 090 |
0 |
0 |
|a 153.32
|b DEN
|
| 100 |
1 |
|
|a Denning
|
| 245 |
1 |
0 |
|a Practical guide to creative visualization :
|b manifest your desires
|c Denning and Phillips
|
| 260 |
|
|
|a Kuala Lumpur :
|b Golden Books Centre ,
|c 2005
|
| 650 |
|
0 |
|a Creative ability
|
| 650 |
|
0 |
|a English fiction
|
| 650 |
|
0 |
|a Visualization
|
| 700 |
1 |
|
|a Phillips
|
| 710 |
0 |
|
|a Title
|
| 999 |
|
|
|a 0000925251
|b Book
|c Adult Collection
|e Cawangan Bukit Gambir
|
| 999 |
|
|
|a 0000934318
|b Book
|c Adult Collection
|e Cawangan Tangkak
|
| 999 |
|
|
|a 0000934319
|b Book
|c Adult Collection
|e Cawangan Tangkak
|
| 999 |
|
|
|a 0000934320
|b Book
|c Adult Collection
|e Cawangan Tangkak
|
| 999 |
|
|
|a 0000937038
|b Book
|c Adult Collection
|e Cawangan Bandar Tenggara
|
| 999 |
|
|
|a 0000945231
|b Book
|c Adult Collection
|e Cawangan Taman Sri Lambak
|
| 999 |
|
|
|a 0001003539
|b Book
|c Adult Collection
|e Perbadanan Perpustakaan Awam Johor
|
| 999 |
|
|
|a 0001003541
|b Book
|c Adult Collection
|e Perbadanan Perpustakaan Awam Johor
|
| 999 |
|
|
|a 000925251
|b Book
|c Adult Collection
|e Cawangan Bukit Gambir
|